000 00344nam a2200133Ia 4500
008 151213s9999 xx 000 0 und d
100 _aD. B. MacEachen
245 _aCliffs Notes on Keats & Shelley
_cD. B. MacEachen
260 _aNebraska
_bCliffs
_c#N/A
300 _a1859 p.
650 _aEnglish
700 _aD. B. MacEachen
999 _c1364
_d1364